Normal view
MARC view
- Rajasekaran, S , Pai, G.A. Vijayalakshmi
Entry Personal Name
001 - CONTROL NUMBER
- control field: 69089
003 - CONTROL NUMBER IDENTIFIER
- control field: NUST
005 - DATE AND TIME OF LATEST TRANSACTION
- control field: 20210628204153.0
008 - FIXED-LENGTH DATA ELEMENTS
- fixed length control field: 210628|| aca||aabn | a|a d
040 ## - CATALOGING SOURCE
- Original cataloging agency: NUST
- Transcribing agency: NUST
100 ## - HEADING--PERSONAL NAME
- Personal name: Rajasekaran, S , Pai, G.A. Vijayalakshmi
670 ## - SOURCE DATA FOUND
- Source citation: Work cat.: (NUST): Rajasekaran, S , Pai, G.A. Vijayalakshmi, Neural networks, fuzzy logic, and genetic algorithms , synthesis and applications, 2012
